| 000 | 00748nam a2200265Ia 4500 | ||
|---|---|---|---|
| 003 | OSt | ||
| 005 | 20220912150642.0 | ||
| 006 | a|||||r|||| 00| 0 | ||
| 007 | ta | ||
| 008 | 220909b |||||||| |||| 00| 0 eng d | ||
| 024 | _a22493 | ||
| 037 | _cTextual | ||
| 040 |
_aCSL _beng _cCSL |
||
| 041 | _aeng | ||
| 082 | _aY7:(X), M6 | ||
| 100 | _aHill Polly | ||
| 245 | 0 | _aDevelopment economics in trial: The anthropological case for a prosecution | |
| 260 |
_aCambridge _bCambridge university press _c1986 |
||
| 300 |
_axiii,198p. _ccm. |
||
| 500 |
_aBibliography p. _ccm.182-191 |
||
| 650 | _a Economic anthropology | ||
| 650 | _aRural Development | ||
| 942 |
_hY7:(X), M6 _cTEXL _2CC |
||
| 999 |
_c51850 _d51850 |
||